000 00603nam a2200253Ia 4500
005 20260121153810.0
008 008 260114s9999 xx 000 0 eng d
020 _a9781410610430
037 _aEBOOK
040 _aCRL
040 _beng
040 _cCRL
041 _2eng
041 _aeng
084 _qCRL
100 _aRonald H. Heck
_9999265
245 0 _aStudying Educational and Social Policy
260 _bTaylor and Francis
260 _c2004
856 _uhttp://www.taylorfrancis.com/books/9781410610430
942 _cEBOOK
999 _c1566086
_d1566086